Decidnos, ¿quién mató al conde? (Record no. 187126)

MARC details
000 -LEADER
campo de control de longitud fija 00745nam a2200217 i 4500
001 - NÚMERO DE CONTROL
campo de control 187126
003 - IDENTIFICADOR DE NÚMERO DE CONTROL
campo de control SpMaBN
005 - FECHA Y HORA DE LA ÚLTIMA TRANSACCIÓN
campo de control 20240229063327.0
008 - DATOS DE LONGITUD FIJA--INFORMACIÓN GENERAL
campo de control de longitud fija 170420s1987 sp |||| |dspa d
020 ## - NÚMERO INTERNACIONAL ESTÁNDAR DEL LIBRO
Número Internacional Estándar del Libro 84-01-80725-5
080 ## - NÚMERO DE LA CLASIFICACIÓN DECIMAL UNIVERSAL
Número de la Clasificación Decimal Universal 821.134.2-31"19"
100 0# - ENTRADA PRINCIPAL--NOMBRE DE PERSONA
Nombre de persona Luján, Néstor,
Fechas asociadas al nombre 1922-1995
9 (RLIN) 74707
245 10 - MENCIÓN DEL TÍTULO
Título Decidnos, ¿quién mató al conde?
Resto del título : las siete muertes del conde de Villamediana /
Mención de responsabilidad, etc. Néstor Luján.
250 ## - MENCION DE EDICION
Mención de edición 1ª ed.
260 ## - PUBLICACIÓN, DISTRIBUCIÓN, ETC.
Lugar de publicación, distribución, etc. Esplugues de Llobregat, Barcelona :
Nombre del editor, distribuidor, etc. Plaza & Janés,
Fecha de publicación, distribución, etc. 1987.
300 ## - DESCRIPCIÓN FÍSICA
Extensión 236 p. ;
Dimensiones 21 cm.
500 ## - NOTA GENERAL
Nota general Índice onomástico.
586 ## - NOTA DE PREMIOS
Nota de premios Premio Internacional de Novela Plaza & Janés 1987
852 ## - LOCALIZACIÓN
Ubicación ES-MaACL
Número de control de estantería L-31444
Nota libre - enc. cart.
Holdings
Estatus retirado Estado de pérdida Estado de daño No para préstamo Biblioteca de origen Biblioteca actual Ubicación en estantería Fecha de adquisición Fuente de adquisición Total de préstamos Signatura topográfica completa Código de barras Visto por última vez Precio de reemplazo Tipo de ítem Koha
        Biblioteca del Ateneo de Madrid Biblioteca del Ateneo de Madrid Depósito 2 20/04/2017     L-31444 1197421 23/02/2023 23/02/2023 Libro impreso